00284nam a2200121Ia 4500008004100000041000900041082001800050100001700068245002000085260004100105300000800146650000800154230718s9999 xx 000 0 und d aEng. a954.91bMUL-Z aMulavi peelo 0aZulfi mara Dost aPakistanbJamhori Publicationsc2016 a184 aLaw